Estadísticas para Once inicial del FC Barcelona 2010 - 2019

Haz click aquí para intentar la prueba.

Estadísticas generales

  • Esta prueba ha sido intentada 2.532 veces
  • La puntuación promedio es 23 de 31

Estadísticas de respuestas

Jugador% Correcto
Lionel Messi
100%
Luis Suarez
97%
Neymar
97%
Andrés Iniesta
96%
Gérard Piqué
95%
Marc-André ter Stegen
95%
Xavi
95%
Sergio Busquets
90%
Ivan Rakitic
89%
Carles Puyol
88%
Dani Alves
88%
Victor Valdés
88%
Jordi Alba
85%
Claudio Bravo
84%
David Villa
83%
Javier Mascherano
83%
Zlatan Ibrahimović
81%
Arturo Vidal
77%
Pedro
76%
Alexis Sanchez
75%
Samuel Umtiti
66%
Sergi Roberto
65%
Clément Lenglet
61%
Eric Abidal
60%
Philippe Coutinho
56%
André Gomes
46%
Cesc Fabregas
43%
Seydou Keita
43%
Paulinho
42%
Adriano
37%
Maxwell
34%

Distribución de puntuación

Porcentaje por número respondido

Porcentaje de gente con cada puntuación

Historial de tus puntuaciones

No has intentado esta prueba.